00380nam a2200157Ia 45000010006000000050017000060080041000230410008000640820015000721000026000872450051001132600009001643000033001736500008002066540008002141405920260306164846.0260306t2001||||xx |||||||||||||| ||spa|| aESP a006.3bN57 aNilsson, Nils J.eAUT 0aInteligencia artificial:buna nueva síntesis c2001 axix, 458 páginas :c25 cm. aGEN aCCC